000 005420000a22001810004500
003 MACL
005 20160423153300.0
008 160423b xxu||||| |||| 00| 0 eng d
040 _aMACL
_cMACL
041 _aHindi
082 _a800 DIN
100 _aवालिया किरण
_953672
245 _aदिनकर : व्‍यक्ति एवं कृती
260 _bदीपक पब्लिशर्ज
_c2006
_aजालंधर
350 _a195
650 _aLiterature
_953673
942 _cHIN
_k800/WAL/L
_2ddc
999 _c22692
_d22692